University Home | Library Home | Institutional Repository

An economic history of tropical Africa Vol. 1 & 2. (Record no. 168543)

MARC details
000 -LEADER
fixed length control field 00738cam2a220024100 4500
001 - CONTROL NUMBER
control field zam00002368
008 - FIXED-LENGTH DATA ELEMENTS--GENERAL INFORMATION
fixed length control field 951128s1977 xx eng u
035 ## - SYSTEM CONTROL NUMBER
System control number (Sirsi) r19744
035 ## - SYSTEM CONTROL NUMBER
System control number (MACHINE)SLC.
100 ## - MAIN ENTRY--PERSONAL NAME
Personal name Konczacki, J. M.
Linkage A80742.1
245 13 - TITLE STATEMENT
Title An economic history of tropical Africa Vol. 1 & 2.
260 ## - PUBLICATION, DISTRIBUTION, ETC.
Date of publication, distribution, etc. 1977.
591 ## -
-- Class code: H 410.
591 ## -
-- Course: Land and labour in central Africa.
591 ## -
-- School: S05.
591 ## -
-- Lecturer: Dr. CHIPUNGU, S.
591 ## -
-- Number of Students: 14.
949 ## - LOCAL PROCESSING INFORMATION (OCLC)
a HC502
w lcc
i -17870
m MAIN
t BOOK
l ON-SHELF
949 ## - LOCAL PROCESSING INFORMATION (OCLC)
a HC502
w lcc
i -17871
m MAIN
t BOOK
l ON-SHELF
900 ## - EQUIVALENCE OR CROSS-REFERENCE-PERSONAL NAME [LOCAL, CANADA]
-- MAIN
Field link and sequence number HC502
-- KON
Titles and other words associated with a name 2
909 ## -
-- Book

No items available.

© 2026 - The University of Zambia Library - Koha v25.11